000 00550nam a2200229Ia 4500
003 OSt
005 20221005124234.0
006 a|||||r|||| 00| 0
007 ta
008 221004b |||||||| |||| 00| 0 eng d
024 _a59881
037 _cTextual
040 _aCRL
_cCRL
_beng
041 _2eng
_aeng
082 _aV2:28tN17, E7
100 _aAbdul Rahim
_9634902
245 0 _aMinute of dissent
260 _c1917
650 _aHISTORY
942 _hV2:28tN17, E7
_cTEXL
_2cc
999 _c1049852
_d1049852